Science Quiz

Random Science Quiz
Score 0/7 Timer 10:00
0 Plays Today
% Correct
Guanine
94.2%
Adenine
93.8%
Thymine
92.6%
Cytosine
92.6%
Phosphate
78.7%
Nitrogen Base
76.7%
Deoxyribose
76.4%
Come Together.
Have Fun.
All Virtual.
We all need to come together. Play Sporcle's virtual live trivia to have fun, connect with people, and get your trivia on. Join a live hosted trivia game for your favorite pub trivia experience done virtually. If a virtual private party is more your thing, go here for details.

You're not logged in!

Compare scores with friends on all Sporcle quizzes.
OR
Log In

Sporcle TV

Today on Sporcle TV


Watch our educational content, quiz creation guides, and fun videos on Sporcle TV.

Show Comments

Extras

Created Jan 11, 2016ReportNominate
Tags:DNA, structure

Top Quizzes Today


Score Distribution

Paid Content

Your Account Isn't Verified!

In order to create a playlist on Sporcle, you need to verify the email address you used during registration. Go to your Sporcle Settings to finish the process.

Report this User

Report this user for behavior that violates our Community Guidelines.

Details: